000 00269nam a22001217a 4500
003 SGT
082 _a823
_bMEY
100 _aMEYER STEPHENIE
245 _aTHE SHORT SECOND LIFE OF BREE TANNER
260 _aU.K
_bHACHETTE PUB
_c2010
300 _a178
942 _2ddc
_cBK
999 _c33514
_d33514